000 00401nam a2200169Ia 4500
008 170705s9999 xx 000 0 und d
020 _a9780440409410
245 4 _aThe castle in the attic /
245 _cElizabeth Winthrop.
260 _aNew York :
260 _bScholastic,
260 _c1981
300 _a179 pages :
300 _bcolor illustration ;
300 _c19cm.
500 _a750
999 _c336584
_d336584